00793 2200193 4500001002100000005001500021035002000036245020700056100002000263250002000283300005300303856003400356700009400390260003900484082001000523084001600533020002200549650002800571INLIS00000000114786420260311010707 a0010-03260003751 aA PLIKASI KONSEP DAN TEORI KEPERAWATAN MATERNITAS POSTPARTUM DENGAN KEMATIAN JANIN /cPenulis; Diyan Indriyani, editor; Rose Rusumaning Ratri, proofreader; Nurhid, desain cover; Triat, desain isi; Joko0 aDiyan Indriyani aCetakan Pertama a192 HALAMAN :bilustrasi ;c14.8 x 21 cmeKertas aPerpustakaan khusus balaikota0 aeditor; Rose Rusumaning Ratri, proofreader; Nurhid, desain cover; Triat, desain isi; Joko aYogyakarta :bAR.RUZZ MEDIA,c2024 a613.5 a613.5 DI a a978-602-7874-02-2 4akebidanan / keperawatan